Statistics for Country Flags that Contain No Red

Click here to take the quiz!

General Stats

  • This quiz has been taken 29 times
  • The average score is 30 of 42

Answer Stats

ContinentCountries% Correct
EuropeSweden
96%
South AmericaArgentina
92%
EuropeGreece
92%
EuropeFinland
88%
AsiaIndia
88%
EuropeIreland
88%
South AmericaUruguay
84%
South AmericaBrazil
80%
North AmericaGuatemala
80%
North AmericaJamaica
80%
AsiaSaudi Arabia
80%
North AmericaHonduras
76%
AsiaKazakhstan
76%
AsiaCyprus
72%
EuropeEstonia
72%
OceaniaFederated States
of Micronesia
72%
AsiaIsrael
72%
AfricaLesotho
72%
AsiaPakistan
72%
North AmericaSaint Vincent and
the Grenadines
72%
AfricaSomalia
72%
EuropeUkraine
72%
North AmericaBahamas
68%
North AmericaBarbados
68%
OceaniaNauru
68%
AfricaNiger
68%
AfricaNigeria
68%
OceaniaPalau
68%
North AmericaSaint Lucia
68%
AfricaTanzania
68%
AsiaBhutan
64%
AfricaGabon
64%
OceaniaSolomon Islands
64%
AfricaIvory Coast
60%
EuropeKosovo
60%
OceaniaMarshall Islands
60%
AsiaQatar
60%
AfricaRwanda
60%
EuropeBosnia and
Herzegovina
56%
AfricaBotswana
52%
AfricaMauritania
52%
AfricaSierra Leone
48%

Score Distribution

Percentile by Number Answered

Percent of People with Each Score

Your Score History

You have not taken this quiz